Cik Cinderella dan Encik Tengku (Record no. 138290)

MARC details
000 -LEADER
fixed length control field 00687nam a2200241 i 4500
001 - CONTROL NUMBER
control field C2-0341205
003 - CONTROL NUMBER IDENTIFIER
control field PPAK
005 - DATE AND TIME OF LATEST TRANSACTION
control field 20180728142937.0
008 - FIXED-LENGTH DATA ELEMENTS--GENERAL INFORMATION
fixed length control field 170312s2015 my |||| ||||| | may d
020 ## - INTERNATIONAL STANDARD BOOK NUMBER
International Standard Book Number 9789670246710
040 ## - CATALOGING SOURCE
Original cataloging agency PPAK
Language of cataloging eng
Transcribing agency PPAK
Description conventions rda
082 04 - DEWEY DECIMAL CLASSIFICATION NUMBER
Classification number 899.233
Edition number 23
090 00 - LOCALLY ASSIGNED LC-TYPE CALL NUMBER (OCLC); LOCAL CALL NUMBER (RLIN)
Classification number (OCLC) (R) ; Classification number, CALL (RLIN) (NR) 899.233
Feature heading AIR
Feature heading G
100 0# - MAIN ENTRY--PERSONAL NAME
Personal name Airisz,
Relator term author
245 10 - TITLE STATEMENT
Title Cik Cinderella dan Encik Tengku
264 #1 - PRODUCTION, PUBLICATION, DISTRIBUTION, MANUFACTURE, AND COPYRIGHT NOTICE
Place of production, publication, distribution, manufacture Bandar Tun Hussein Onn, Cheras, Selangor :
Name of producer, publisher, distributor, manufacturer Penerbitan Karyaseni Sdn. Bhd. ,
Date of production, publication, distribution, manufacture, or copyright notice 2015
300 ## - PHYSICAL DESCRIPTION
Extent iii, 475 pages ;
Dimensions 19 cm
336 ## - CONTENT TYPE
Source rdacontent
Content type term text
337 ## - MEDIA TYPE
Source rdamedia
Media type term unmediated
338 ## - CARRIER TYPE
Source rdacarrier
Carrier type term volume
650 10 - SUBJECT ADDED ENTRY--TOPICAL TERM
Topical term or geographic name entry element Malay fiction.
942 ## - ADDED ENTRY ELEMENTS (KOHA)
-- dc
Koha item type Book
Holdings
Withdrawn Not for loan Current library Shelving location Date acquired Total Checkouts Total Renewals Full call number Barcode Date last seen Date last checked out Koha item type
    Perpustakaan Alor Setar Pinjaman Dewasa 14/03/2017 14 2 899.233 AIR A01514237 10/05/2025 22/03/2025 Book
    Perpustakaan Awam Sungai Petani Pinjaman Dewasa 14/03/2017 14 3 899.233 AIR A01514238 02/09/2025 27/08/2025 Book
    Perpustakaan Jitra Pinjaman Dewasa 14/03/2017 8   899.233 AIR A01514239 14/03/2026 21/02/2026 Book
    Perpustakaan Kulim Pinjaman Dewasa 14/03/2017     899.233 AIR A01514240 09/05/2018   Book
    Perpustakaan Langkawi Pinjaman Dewasa 14/03/2017 3 1 899.233 AIR A01514241 07/09/2022 22/08/2022 Book